000 01271cam a2200313 a 4500
999 _c99198
_d99198
001 3841394
003 ARRUPE
005 20170614105603.0
008 870914s1988 enka b 001 0 eng
010 _a 87026550
020 _a0521330246
020 _a0521338867 (pbk.)
040 _aDLC
_cDLC
_dDLC
043 _afq-----
_afw-----
050 0 0 _aDT532.5
_b.M36 1988
082 0 0 _a966/.0097541
_219
100 1 _aManning, Patrick,
_d1941-
_932577
245 1 0 _aFrancophone sub-Saharan Africa, 1880-1985 /
_cPatrick Manning.
260 _aCambridge [England] ;
_aNew York :
_bCambridge University Press,
_c1988.
300 _aviii, 215 p. :
_bill. ;
_c24 cm.
500 _aIncludes index.
504 _aBibliography: p. [200]-205.
651 0 _aAfrica, French-speaking Equatorial
_xHistory
_y1884-1960.
_932578
651 0 _aAfrica, French-speaking Equatorial
_xHistory
_y1960-
_932579
651 0 _aAfrica, French-speaking West
_xHistory
_y1884-1960.
_932580
651 0 _aAfrica, French-speaking West
_xHistory
_y1960-
_932581
906 _a7
_bcbc
_corignew
_d1
_eocip
_f19
_gy-gencatlg
942 _2lcc
_cMONOGRAPH